Acronymes pompiers - Statistiques

Statistiques générales
  • Ce quiz a été pris 94 fois
  • Le résultat moyen est 6 sur 31
Statistiques - réponses
Hint Réponse % Correct
V Véhicule
93%
S Secours
88%
V Victimes
87%
A Assistance
78%
A Alerte
21%
O Opaques
17%
A Air
16%
A Air
16%
C Chaudes
14%
M Mobiles
14%
C Chaleur
13%
I Inflammables
13%
L Localisation
12%
A Alarme
11%
F Fumées
11%
S Son
11%
F Flammes
9%
N Nom
9%
R Renfort
9%
B Batiment
8%
E Engin
8%
X Explosives
8%
V Vent
5%
O Ouverture
4%
T Taper
4%
L Eclairer
3%
E Environnement
3%
E Economiser l'air
1%
E Explorer
1%
R Rester pres du sol
1%
R Remonter ma cagoule
0%
Aucun quiz correspondant
Distribution des résultats
% des personnes avec chaque résultat
Percentile par nombre de réponses
Votre historique - résultats
Vous n’avez pas pris ce quiz